Panamá: la iglesia y la lucha de clases
Guardat en:
| Autor principal: | |
|---|---|
| Format: | Text |
| Publicat: |
San José:
Imprenta y Litografía VARITEC
|
| Etiquetes: |
Afegir etiqueta
Sense etiquetes, Sigues el primer a etiquetar aquest registre!
|
MARC
| LEADER | 00000 a a2200000 04500 | ||
|---|---|---|---|
| 001 | 22185 | ||
| 003 | |||
| 040 | |||
| 020 | |a 9977-904-78-2 | ||
| 090 | |a 0004 O61p | ||
| 100 | |a Opazo Bernales, Andrés | ||
| 245 | |a Panamá: la iglesia y la lucha de clases | ||
| 260 | |a San José: |b Imprenta y Litografía VARITEC | ||
| 300 | |a 213 p. | ||
| 999 | |c 6455 |d 6455 | ||



